1315 1468 1677 1679 1174 1896 1006 1449 1024 1316 1708 1039 1039 1415 1398 1781 1467 1995 1043 1451 1556 1978 1703 1374 1802 1178 1140 1479 1639 1777 1304 1751 1807 1916 1418 1068 1715 1538 1474 1144 1602 1786 1542 1921 1158 1217 1255 1234 1714 1913 1517 1106 1027 1649 1556 1777 1116 1900 1827 1838 1517 1448 1023 1835 1833 1869 1728 1582 1620 1256 1024 1334 1596 1798 1052 1407 1691 1342 1538 1451 1924 1721 1295 1406 1534 1091 1695 1699 1659 1713 1132 1282 1975 1537 1801 1883 1307 1375 1906 BCNSPRNW ULIB Ver.6.0+V

เปลี่ยนเป็นภาษาไทย

Change to English
 แสดงรายละเอียดบรรณานุกรม
  กลับหน้าหลัก

Brief Record : Get Marc (ISO 2709) : E-mail record : QR code < ปิดหน้าต่าง
LEADER : 00000nam 2200000uu 4500
001    13399111859
003     ULIB
008    110711s||||||||th 000 0 tha d
020    9748317897
020    9789748317892
050  4 BF698^bศ272ท 2548
100 0  ศรีเรือน แก้วกังวาล
245 10 ทฤษฎีจิตวิทยาบุคลิกภาพ :^bรู้เรา รู้เขา /^cศรีเรือน แก้วกังวาล
246 30 รู้เรา รู้เขา
250    พิมพ์ครั้งที่ 12
260    กรุงเทพฯ :^bหมอชาวบ้าน,^c2548
300    411 (7) หน้า ;^c21 ซม.
504    มีบรรณานุกรมและดัชนี
650  7 การดำเนินชีวิต
650  7 การปรับตัว (จิตวิทยา)
650  7 จิตวิทยา
650  7 บุคลิกภาพ
945    ^p245^l0^i18320
945    ^p245^l0^i18321
945    ^p245^l0^i18355
945    ^p245^l0^i14992
945    ^p245^l0^i13899
945    ^p245^l0^i13919
995    กัณชพร
999    ^aใช้งานได้ทุกระบบ
รายการนี้ยังไม่มีแท็ก
คุณยังไม่ได้ล็อกอิน คุณสามารถมีกิจกรรมร่วมกับเว็บไซต์ได้ แต่ต้องล็อกอินก่อน ::
  ล็อกอิน

รายการสื่อสารสนเทศ

ลำดับที่ ประเภท เลขเรียก/บาร์โค้ด สถานที่ สถานะ
1. การศึกษาทั่วไป
การศึกษาทั่วไป
BF698 ศ272ท 2548 ฉ.5 
  Barcode: 13899
ห้องสมุดวิทยาเขตสวรรค์ประชารักษ์
►นวนิยาย
บนชั้น
  ขอยืม
2. การศึกษาทั่วไป
การศึกษาทั่วไป
BF698 ศ272ท 2548 ฉ.6 
  Barcode: 13919
ห้องสมุดวิทยาเขตสวรรค์ประชารักษ์
►นวนิยาย
บนชั้น
  ขอยืม

รายการใกล้เคียง
    ผู้แต่ง [ศรีเรือน แก้วกังวาล]

    หัวเรื่อง [การดำเนินชีวิต]
    หัวเรื่อง [การปรับตัว (จิตวิทยา)]
    หัวเรื่อง [จิตวิทยา]
    หัวเรื่อง [บุคลิกภาพ]

BibComment


ยังไม่เคยถูกคอมเมนท์

คอมเมนท์ทรัพยากรรายการนี้
  คอมเมนท์: ทฤษฎีจิตวิทยาบุคล..


 Copyright 2026. Bcnsprnw @Library